000 01564nam a2200385Ii 4500
001 DIGUCM0004
003 NyNyDIG
008 231017s2018 ck a ob 000 0 spa d
006 m o d
007 cr |||||||||||
035 _a(OCoLC)1406037173
040 _aDGITA
_beng
_erda
_epn
_cDGITA
020 _a9789588022970
_qeBook
050 1 4 _aJF801 ebook
100 1 _aFernández Arbeláez, Olga Lucía,
_eauthor.
245 1 0 _aConstrucción de ciudadanía desde la educación y las prácticas cotidianas /
_cOlga Lucía Fernández Arbeláez, Martha Lucía Salazar Andica, José Hernán Parra Sánchez.
264 1 _aManizales, Caldas :
_bCentro Editorial Universidad Católica de Manizales,
_c[2018]
300 _a1 online resource :
_billustrations.
336 _atext
_btxt
_2rdacontent
337 _acomputer
_bc
_2rdamedia
338 _aonline resource
_bcr
_2rdacarrier
347 _atext file
_2rdaft
347 _bPDF
504 _aIncludes bibliographical references.
588 0 _aOnline resource; title from PDF title page (Digitalia, viewed October 17, 2023)
650 0 _aCitizenship
_xSocial aspects.
650 0 _aDemocracy
_xMoral and ethical aspects.
700 1 _aSalazar Andica, Martha Lucía,
_eauthor.
700 1 _aParra Sánchez, José Hernán,
_eauthor.
791 2 _aDigitalia (Firm),
_edistributor.
793 0 _gDigitalia eBook Collection:
_aUniversidad Católica de Manizales
856 4 0 _3Digitalia Hispánica
_uhttps://www.digitaliapublishing.com/a/129830/
910 _aPremium collection: 2023
942 _cRAA
999 _c280558
_d280558